000 00308nam a22001337a 4500
008 170606b xxu||||| |||| 00| 0 eng d
020 _a9780062700452
041 _aeng
080 _29 ED
_a94(7/8)
100 _a18
101 _aSHH
245 _aAMERICAN FACTS AND DATES
_cCARRUTH.G
942 _2udc
_cBK
999 _c16003
_d16003